MARC

LEADER 00000nam0a2200000 4500
001 283947
005 20231101235639.0
010 |a 9024728770 
035 |a (RuTPU)RU\TPU\book\308085 
090 |a 283947 
100 |a 20150211d1983 k y0engy50 ba 
101 0 |a eng 
102 |a US 
105 |a a z 001zy 
200 1 |a Low Reynolds number hydrodynamics  |e with special applications particulate media  |f J. Happel, H. Brenner 
210 |a Boston  |a Lancaster  |c Martinus NiJhoff Publischers  |d 1983 
215 |a 553 p.  |c il. 
225 1 |a Mechanies of fluids and transport processes 
320 |a Indices: p. 536-553 
606 1 |a Гидродинамика  |2 stltpush  |3 (RuTPU)RU\TPU\subj\6651  |9 34481 
610 1 |a жидкости 
610 1 |a движение 
610 1 |a теоремы 
610 1 |a уравнения движения 
610 1 |a решение 
610 1 |a осесимметричное течение 
610 1 |a потоки 
610 1 |a жесткие частицы 
610 1 |a вязкость 
610 1 |a взаимодействие 
610 1 |a криволинейные системы 
610 1 |a ортогональные системы 
610 1 |a полиадическая алгебра 
610 1 |a английский язык 
675 |a 532.5  |v 3 
700 1 |a Happel  |b J.  |g John 
701 1 |a Brenner  |b H.  |g Howard 
801 1 |a RU  |b 63413507  |c 20150211 
801 2 |a RU  |b 63413507  |c 20170301  |g RCR 
942 |c BK